000
00311nam a22001337a 4500
008
170714b xxu||||| |||| 00| 0 eng d
020
_a
2900195140919
041
_a
eng
080
_a
101
100
_a
24
101
_a
FIL
245
_a
CLASSICS OF POLITICAL AND MORAL PHILOSOPHY
_c
CAHN, S.M
942
_2
udc
_c
BK
999
_c
20729
_d
20729